| 000 | 01147nam0a22002771 4500 | ||
|---|---|---|---|
| 001 | rc\967137 | ||
| 005 | 20041129100704.9 | ||
| 035 | _a(NLR Aleph) 006136327 | ||
| 090 |
_a5614708 _c5614708 |
||
| 100 | _a20041129d1982 u |0rusy50 ca | ||
| 101 | 0 | _arus | |
| 102 | _aRU | ||
| 105 | _ay ||||||||| | ||
| 200 | 1 |
_aВозделывание картофеля в Нидерландах _fГоворунов А.П., к. с.-х. н. |
|
| 210 |
_aКиев _cБ. и. _d1982 |
||
| 215 |
_a11 с. _d20 |
||
| 225 | 1 |
_aИнформация _fУкрНИИ НТИ и техн.-экон. исслед. Госплана УССР _iНовое в науке, технике и производстве _vТОР-11.5 |
|
| 300 | _aБез тит. л. и обл. | ||
| 320 | _aБиблиогр.: с. 11 | ||
| 701 | 1 |
_aГоворунов _bА. П. _gАлексей Петрович |
|
| 712 | 0 | 2 |
_aУкраинский НИИ науч.-техн. информации и технико-экон. исследований _cКиев _3RU\NLR\AUTH\8810023920 |
| 801 | 0 |
_aRU _bNLR _gpsbo |
|
| 801 | 1 |
_aRU _bELAR _2rusmarc |
|
| 852 |
_aNLR _j82-4/32100 |
||
| 942 | _cBOOK | ||
| 980 | _aNB | ||